Energetická efektívnosť '98. Energia vec verejná 3. medzinárodná konferencia a výstava. Zborník prednášok. 13.-15.10.1998 Banská Bystrica

Salvato in:
Dettagli Bibliografici
Natura: Libro
Lingua:slovacco
ceco
Pubblicazione: Bratislava Slovenská energetická agentúra Energetický inštitút 1998
Soggetti:
Tags: Aggiungi Tag
Nessun Tag, puoi essere il primo ad aggiungerne!!

MARC

LEADER 00000nam a2200000 4500
001 c104687
005 20221109093416.2
041 0 |a slo 
041 0 |a cze 
044 |a SK 
245 1 0 |a Energetická efektívnosť '98. Energia vec verejná  |b 3. medzinárodná konferencia a výstava. Zborník prednášok. 13.-15.10.1998 Banská Bystrica 
264 1 |a Bratislava  |b Slovenská energetická agentúra Energetický inštitút  |c 1998 
300 |a 181 s. 
610 2 0 |a energia 
610 2 0 |a ekológia 
610 2 0 |a ekonómia 
610 2 0 |a efektívnosť